Score 0/77 Timer 10:00
0 Plays Today
Hint Answer % Correct
PharmarusicalBest Drag
76%
Lip Synch Extravaganza EleganzaBest Drag
69.5%
Scream QueensBest Drag
69.5%
Ru Hollywood StoriesDeath Becomes Her
44%
Oh. My. Gaga! 2nd LookLady Gaga Looks
39.9%
Spoof! (There It Is)Green
37.6%
Oh. My. Gaga! 1st LookHometown Looks
37.6%
Draggle RockPretty In Pink
33.9%
Born Naked: Mini Challenge Part 1Spring Looks
33.3%
Sugar Ball (2nd Category)Executive Realness
32.2%
Born Naked: Mini Challenge Part 2Fall Looks
31.9%
Supermodel Snatch Game (Season 8)Night of One Thousand Madonnas
31.9%
Tap That AppFeathers
31.7%
Snatch Game (Season 7)Leather and Lace
30.7%
Snatch Game (Season 9)Night of One Thousand Madonnas (Part 2)
29.9%
The Last Ball on Earth: 2nd CategoryMiami Summer Realness
29.9%
Glamazonian AirwaysJetset Eleganza
29%
The Bossy Rossy ShowDenim and Diamonds
29%
Drag Fish TankPants
28.4%
Evil Twins: 2nd LookEvil Twin
28.1%
Good Morning BitchesNaughty Nighties
27%
The Last Ball on Earth: 1st CategoryAlaskan Winter Realness
26.7%
My Best Squirrelfriend's Dragsmaids Wedding TripRed For Filth
26.2%
Divas Lipsync LiveRuDemption
25.3%
Evil Twins: 1st LookGood Twin
25.3%
HERstory of the WorldThe Future of Drag
24.7%
Reality Stars: The MusicalFaux Fur
24.7%
DragCon Panel ExtravaganzaHats Incredible
24.4%
RuPaul's Big OpeningTV Show Outfits
23.3%
All Stars Snatch Game (AS3)Flower Power
23.1%
The Unauthorized RusicalGlitterific
23.1%
RuPaul's Big Opening: Part 2Party Outfits
22.7%
Oh No She Betta Don't!Crazy Sexy Cool
22.7%
The BitchelorWigs on Wigs on Wigs
22.6%
Sugar Ball (3rd Category)Candy Couture
22.1%
Divine InspirationUgliest Dress Ever
22.1%
She Done Already Done Brought It OnWhite Party Realness
22.1%
Can I Get An Amen?Favorite Body Part
21.6%
Born Naked: Main ChallengeResort Tearaway
21%
Hint Answer % Correct
All Stars Snatch GameLatex Eleganza
20.1%
Wizards of DragWizard of Oz
19.3%
Gayest Ball Ever: 2nd CategorySexy Unicorn
19%
9021-HOBig Hair Everywhere
18.4%
Snatch Game (Season 6)Night of a Thousand Ru's
18.1%
ShakesqueerBearded and Beautiful
18.1%
Prancing QueensHalf Man, Half Woman
18.1%
Drag Movie ShequelsTwo in One Looks
17.5%
Your Pilot's On FireClub Kid Couture
17.5%
Gayest Ball Ever: 3rd CategoryVillage People Eleganza Extravaganza
17.2%
Hello, Kitty Girls! 2nd CategoryHello Kitty Couture
17%
RuCo's EmpireRoller Girl Realness
16.1%
The Last Ball on Earth: 3rd CategoryMartian Eleganza Extravaganza
15.8%
Hello, Kitty Girls! 1st CategoryHello Kitty BFF
15.8%
Bitch PerfectMovie Premiere Realness
14.7%
Gayest Ball Ever: 1st CategoryRainbow-She-Better-Do
14.4%
BreastworldSilver Foxy
13.6%
Sugar Ball (1st Category)Super Sweet 16
12.9%
Pop Art Ball: 2nd LookStudio 54
12.7%
Black Swan: Why It Gotta Be Black?Divalicious
12.4%
Snatch Game (S10)Mermaid Fantasy
12.2%
RuPaul Book Ball: 2nd CategoryThat's My Mama Realness
11.5%
Glitter Ball: 3rd CategoryDripping in Jewels Eleganza
11.2%
Drag Queens of TalkAnimal Kingdom Couture
10.9%
Snatch Game (Season 5)Deadliest Snatch Glamour
9.5%
Glitter Ball: 2nd CategoryPlatinum Card Executive Realness
9.2%
Shade: The RusicalTony Award Realness
8.9%
New Wave QueensNeon Queen Realness
8.9%
RuPaul Book Ball: 1st CategoryBaby Drag Realness
8.9%
Shady PoliticsBlack and White Movie Realness
8.3%
Glamazon by ColorevolutionBlack & White Drama
8%
Glitter Ball: 1st CategoryBanjee Girl Realness
7.8%
Drama QueensSpanish Telenovela Realness
6%
Keeping it 100!Past Design Challenges
5.5%
RuPaul Book Ball: 3rd CategoryBook Couture
5.5%
10's Across The BoardDrag on a Dime (Part 2)
4.5%
Draggily Ever AfterFairytale Princess Eleganza
3.7%
Pop Art Ball: 1st lookWearable Soup Cans
1.4%
Remove Ads.
Support Sporcle.
Get the best of Sporcle when you Go Orange. This ad-free experience offers more features, more stats, and more fun while also helping to support Sporcle. Thank you for becoming a member.

You're not logged in!

Compare scores with friends on all Sporcle quizzes.
OR
Log In

Sporcle TV

Today on Sporcle TV


Watch our educational content, quiz creation guides, and fun videos on Sporcle TV.

Show Comments

Extras

Top Quizzes Today


Score Distribution

Paid Content

Your Account Isn't Verified!

In order to create a playlist on Sporcle, you need to verify the email address you used during registration. Go to your Sporcle Settings to finish the process.

Report this User

Report this user for behavior that violates our Community Guidelines.

Details: